Teaching Pilates For postural Faults,Illness and Injury : A Practical (Record no. 64060)

MARC details
000 -LEADER
fixed length control field 00232nam a22000857a 4500
020 ## - INTERNATIONAL STANDARD BOOK NUMBER
International Standard Book Number 9780750656474
100 ## - MAIN ENTRY--PERSONAL NAME
Personal name Paterson Jane
245 ## - TITLE STATEMENT
Title Teaching Pilates For postural Faults,Illness and Injury : A Practical
260 ## - PUBLICATION, DISTRIBUTION, ETC.
Name of publisher, distributor, etc. Elsevier
Date of publication, distribution, etc. 2009
999 ## -
-- 64060
-- 64060

No items available.